000
00319nam a22001337a 4500
020
_a
9780521706100
082
_a
572.80285 XIO
100
_a
Jin Xiong
245
_a
Essential bioinformatics
260
_a
New Delhi
_b
Cambridge University Press
_c
2006
300
_a
339p.
_b
ill.;
650
_a
Bioinformatics
942
_c
BK
999
_c
13556
_d
13556